000 00447pam a2200145a 44500
008 230405s2016 xxu||||| |||| 00| 0 eng d
041 _aMAR
100 _aविजयालक्ष्मी
245 _aसर्व वयोगटासाठी योगसाधना आणि ध्यानधारणा
250 _a2016
260 _aKolhapur
_bMehta Book Publications
_c2016
300 _a76
690 _aCOC
906 _a18281
999 _c308779
_d308779